| 000 | 00355nam a22001217a 4500 | ||
|---|---|---|---|
| 082 |
_a940.54 _bGUI _cL-30, P-46 |
||
| 100 |
_aGuingand, Francis De _948989 |
||
| 245 |
_aOperation Victory _c Francis De Guingand |
||
| 260 |
_aLondon _bHodder and Stoughton limited _c1947 |
||
| 526 |
_a0 _b0 _c0 _d940_540000000000000_GUI |
||
| 650 |
_aMCE _9379 |
||
| 942 |
_2ddc _cBK |
||
| 999 |
_c551832 _d551832 |
||